000
00264nam a2200109Ia 4500
008
220204s9999 xx 000 0 und d
082
_a
NR:63PM
_b
RRM.8
245
0
_a
Budgrafting
260
_a
Malaysia
_b
RRIM
_c
1939
490
_a
RRIM Planting manual.8
942
_c
BK
999
_c
21701
_d
21701